000 00532ntaaa2200193 4500
003 01
005 20251027201400.0
008 0714s1973 ag 01
040 _aAR-BaBN
_bspa
_cAR-BaBN
_eaacr
_dRIC
082 _a225.5994 B47
245 _aNew Testament; Kauoha hou.
250 _a1 ed.
260 _aNY :
_bAmerican Bible Society,
_c1948
300 _a727 p.
500 _aNuevo Testamento en hawaiano e inglés, bilingüe.
650 _aBIblia-Hawaiano-Inglés
_912291
650 _aHawaiano e Inglés-Biblia
_912292
942 _cBK
999 _c8345
_d8345